UNTERSUCHUNGEN ZU INHALTSSTOFFEN UND ZUM FUTTERWERT VON ACKERBOHNE (Record no. 22109)
[ view plain ]
| 000 -LEADER | |
|---|---|
| fixed length control field | 00279nam a22001097a 4500 |
| 020 ## - INTERNATIONAL STANDARD BOOK NUMBER | |
| ISBN | 3897121530 |
| 040 ## - CATALOGING SOURCE | |
| Transcribing agency | DLC |
| 082 ## - DEWEY DECIMAL CLASSIFICATION NUMBER | |
| Classification number | CUV UNT 1998 C336 Or. |
| 100 ## - MAIN ENTRY--AUTHOR NAME | |
| Personal name | CUVILLIER VERLAG |
| 245 ## - TITLE STATEMENT | |
| Title | UNTERSUCHUNGEN ZU INHALTSSTOFFEN UND ZUM FUTTERWERT VON ACKERBOHNE |
| 942 ## - ADDED ENTRY ELEMENTS (KOHA) | |
| Koha item type | ADB |
| 952 ## - LOCATION AND ITEM INFORMATION (KOHA) | |
| Withdrawn status [LOCAL, KOHA] | 0 |
| Permanent Location | Date acquired | Koha item type | Lost status | Shelving location | Barcode | Current Location | Full call number |
|---|---|---|---|---|---|---|---|
| Library Block C | 2023-11-01 | ADB | C336 | a073812 | Library Block C | CUV UNT 1998 C336 Or. |